[Event "Deltalift Open"]
[Site "Tylosand"]
[Date "2015.05.15"]
[Round "6.26"]
[White "Jogstad, Martin"]
[Black "Madebrink, Lars"]
[Result "0-1"]
[WhiteElo "2035"]
[BlackElo "2236"]

1.c4 e5 2.g3 Nc6 3.Nc3 f5 4.Nf3 e4 5.Nh4 d6 6.Bh3 g6 7.d3 exd3 8.exd3 Be7 
9.Nf3 Nf6 10.O-O O-O 11.Bg2 Ne5 12.Bf4 Nf7 13.Nd5 Nxd5 14.cxd5 Bf6 15.Qc2 
Bd7 16.Be3 c5 17.dxc6 Bxc6 18.Qb3 Qd7 19.d4 Rac8 20.Rac1 a6 21.Rfe1 Rfe8 
22.d5 Ba4 23.Qb4 Bc2 24.Qd2 Be4 25.Rxc8 Rxc8 26.Nd4 Bxg2 27.Kxg2 Ne5 28.b3
Qc7 29.Ne6 Qc2 30.Qxc2 Rxc2 31.Rc1 Rxc1 32.Bxc1 Kf7 33.Ba3 Ke7 34.f4 Ng4 
35.Bc1 Bc3 36.h3 Nf6 37.Ng5 h6 38.Nf3 Nxd5 39.a3 Ke6 40.Ng1 Bf6 41.Ne2 Nc3
42.Kf3 Kd5 43.Nxc3+ Bxc3 44.Ke3 h5 45.Kd3 Be1 46.Be3 Bxg3 47.a4 Be1 48.Bb6
Bb4 49.Be3 Be1 50.Bc1 Bg3 51.Ke3 Ke6 52.Bd2 g5 53.fxg5 f4+ 54.Kf3 Kf5 55.
h4 Bxh4 56.Bxf4 d5 57.g6 Kxg6 58.Bd6 Kf5 59.Bc7 Bf6 60.Bd6 Be5 61.Be7 Bf6 
62.Bd6 h4 63.Bc7 Be5 64.Bd8 h3 65.Be7 h2 66.Kg2 Ke4 67.b4 d4 68.b5 axb5 
69.axb5 d3 70.Bb4 Ke3 71.Bc5+ Ke2 72.Bb4 d2 0-1

[Event "Deltalift Open"]
[Site "Tylosand"]
[Date "2015.05.15"]
[Round "6.27"]
[White "Fransson, Peter"]
[Black "Vrbanac, Damir"]
[Result "1/2-1/2"]
[WhiteElo "2225"]
[BlackElo "2014"]

1.Nf3 d5 2.g3 c5 3.Bg2 Nc6 4.d3 Nf6 5.Nbd2 e5 6.e4 d4 7.Nc4 Bd6 8.a4 h6 9.
O-O O-O 10.Nh4 Bg4 11.Bf3 Be6 12.Nf5 Bxc4 13.dxc4 Ne7 14.Nxe7+ Qxe7 15.Qd3
Qd7 16.Bg2 Nh7 17.f4 f6 18.f5 Ng5 19.Bd2 a5 20.Bf3 Nxf3+ 21.Rxf3 Kf7 22.
Qe2 Ke7 23.Rb3 Rfb8 24.Rb6 Qc7 25.Rb5 b6 26.Qg4 Kf8 27.Rb3 Qf7 28.Qe2 Bc7 
29.g4 Ke7 30.Rg3 Rh8 31.Qd3 Rag8 32.Rf1 Qe8 33.b3 1/2-1/2

[Event "Deltalift Open"]
[Site "Tylosand"]
[Date "2015.05.15"]
[Round "6.28"]
[White "Svedberg, Hans"]
[Black "Ronneland, Daniel"]
[Result "0-1"]
[WhiteElo "2026"]
[BlackElo "2213"]

1.e4 e5 2.Nf3 Nc6 3.Bc4 Bc5 4.O-O Nf6 5.d4 Bxd4 6.Nxd4 Nxd4 7.f4 d6 8.fxe5
dxe5 9.Bg5 Be6 10.Na3 Qe7 11.Bxf6 gxf6 12.c3 Nc6 13.Rf2 Rg8 14.Qd3 Rg6 15.
Raf1 a6 16.b4 Rd8 17.Qe2 a5 18.Bxe6 fxe6 19.b5 Nb8 20.Nc4 b6 21.Ne3 Nd7 
22.Qh5 Kf8 23.Ng4 Kg7 24.Rf3 Kh8 25.Kh1 Qg7 26.h3 Rf8 27.Qh4 Rg5 28.Qe1 f5
29.exf5 exf5 30.Ne3 f4 31.Ng4 h5 32.Qh4 Kg8 33.Nf2 Nc5 34.Rg1 Rf6 35.Nd1 
Rfg6 36.Qf2 Ne4 37.Qc2 Nc5 38.Rff1 Rg3 39.Qe2 R6g5 40.Rf3 Rxf3 41.Qxf3 Qf7
42.Nf2 Rg3 43.Qa8+ Kg7 44.Ne4 Nxe4 45.Qxe4 Re3 46.Qc6 Rd3 47.Qe4 Re3 48.
Qc6 e4 49.Rf1 f3 50.gxf3 Kh7 51.f4 Rxh3+ 52.Kg2 Rd3 53.Qxe4+ Qg6+ 54.Qxg6+
Kxg6 55.f5+ Kf6 56.c4 Rc3 57.Rh1 Rxc4 58.Rxh5 Rc5 59.a4 Rc4 60.Kf3 Rxa4 
61.Ke3 Rb4 62.Kd3 Rxb5 63.Rh6+ Kg5 0-1

[Event "Deltalift Open"]
[Site "Tylosand"]
[Date "2015.05.15"]
[Round "6.29"]
[White "Olsen, Robin"]
[Black "Faldt, Magnus"]
[Result "0-1"]
[WhiteElo "2018"]
[BlackElo "2198"]

1.d4 d5 2.c4 c6 3.Nf3 Nf6 4.Nc3 dxc4 5.a4 Bf5 6.e3 e6 7.Bxc4 Bb4 8.O-O 
Nbd7 9.Qe2 O-O 10.e4 Bg6 11.Bd3 Be7 12.Bg5 Re8 13.Rfd1 h6 14.Bf4 a5 15.h3 
Qb6 16.Be3 Qc7 17.Rac1 Bb4 18.e5 Bxd3 19.Rxd3 Nh7 20.Nh2 f5 21.g4 Rf8 22.
gxf5 Rxf5 23.Ne4 Nb6 24.Ng4 h5 25.Nh2 h4 26.Qg4 Nd5 27.Qxh4 Raf8 28.Ng4 
Be7 29.Qg3 Kh8 30.Bd2 Qd8 31.Qg2 Ng5 32.Kh1 Nf3 33.Be3 Nh4 34.Qh2 Nb4 35.
Nd6 Nxd3 36.Rc3 Bxd6 37.exd6 Nf4 38.Ne5 Qxd6 39.Qg3 Qd5+ 40.f3 Nhg2 41.Rc5
Qb3 42.Nd7 Nxe3 43.Nxf8 Qd1+ 0-1

[Event "Deltalift Open"]
[Site "Tylosand"]
[Date "2015.05.15"]
[Round "6.30"]
[White "Ask, Josef"]
[Black "Andersson, Kjell-Ake"]
[Result "1/2-1/2"]
[WhiteElo "2172"]
[BlackElo "2016"]

1.e4 e6 2.d3 c5 3.g3 Nc6 4.Bg2 g6 5.f4 d6 6.Nf3 Bg7 7.c3 Nge7 8.Na3 O-O 9.
Be3 Rb8 10.d4 cxd4 11.cxd4 f5 12.e5 d5 13.O-O a6 14.Nc2 Na5 15.b3 Bd7 16.
Rf2 Qb6 17.Qd2 Nac6 18.Nce1 h6 19.Nd3 Qd8 20.Nc5 Bc8 21.Bf1 Ra8 22.Ne1 b6 
23.Na4 Bd7 24.Nd3 Qc7 25.Rc1 Qb7 26.Qb2 Kf7 27.Qa3 Rfd8 28.Rfc2 Rdc8 29.
Qd6 Rd8 30.Qa3 Rdc8 1/2-1/2

[Event "Deltalift Open"]
[Site "Tylosand"]
[Date "2015.05.15"]
[Round "6.31"]
[White "Petersson, Baldur Teodor"]
[Black "Larsson, Victor"]
[Result "0-1"]
[WhiteElo "1991"]
[BlackElo "2171"]

1.e4 c5 2.Nc3 Nc6 3.g3 g6 4.Bg2 Bg7 5.d3 d6 6.f4 e6 7.Nf3 Nge7 8.Be3 Nd4 
9.e5 Nef5 10.Bf2 Nxf3+ 11.Bxf3 Nd4 12.Ne4 dxe5 13.fxe5 Bxe5 14.c3 Nxf3+ 
15.Qxf3 f5 16.Nxc5 Rb8 17.O-O b6 18.Qc6+ Kf7 19.Rae1 Qd6 20.Qxd6 Bxd6 21.
Nb3 Ba6 22.Re3 e5 23.Rfe1 Rbc8 24.Nd2 Rhe8 25.Nf3 Kf6 26.c4 Bb7 27.a3 g5 
28.Nd4 Bc5 29.R3e2 Rcd8 30.Nb5 Bxf2+ 31.Kxf2 a6 32.Nc3 Rxd3 33.Re3 Rd2+ 
34.R1e2 Rxe2+ 35.Kxe2 e4 36.b4 Ke5 37.Na4 Re6 38.c5 b5 39.Nc3 Rh6 40.a4 
Rxh2+ 41.Kd1 Kd4 42.Re2 Rxe2 43.Nxe2+ Kc4 44.Kd2 bxa4 0-1

[Event "Deltalift Open"]
[Site "Tylosand"]
[Date "2015.05.15"]
[Round "6.32"]
[White "Cardilin, Tim"]
[Black "Morling, Joakim"]
[Result "1-0"]
[WhiteElo "1971"]
[BlackElo "2170"]

1.e4 e6 2.d4 d5 3.Nd2 Nf6 4.e5 Nfd7 5.Bd3 c5 6.c3 Nc6 7.Ne2 cxd4 8.cxd4 f6
9.exf6 Nxf6 10.Nf3 Bd6 11.O-O O-O 12.Bf4 Be7 13.Bg5 Bd7 14.Rc1 Be8 15.Nf4 
Qd6 16.Re1 Ne4 17.Bxe7 Nxe7 18.Ne2 Ng6 19.Ng3 Nf6 20.Bxg6 Bxg6 21.Ne5 Be8 
22.Re3 Nd7 23.Nxd7 Bxd7 24.Ne2 Rf6 25.Qc2 Rc8 26.Qb3 Rxc1+ 27.Nxc1 Qf4 28.
Nd3 Qxd4 29.Qxb7 Be8 30.Qc8 Kf8 31.h3 Qb6 32.Nc5 Ke7 33.Rb3 Qc6 34.Rb7+ 
Kd6 35.Qb8+ Kxc5 36.Rc7 d4 37.Rxc6+ Bxc6 38.Qxa7+ Kc4 39.b3+ Kc3 40.Qc5+ 
Kd3 41.Qc4+ 1-0

[Event "Harplinge Mini Open"]
[Site "Tylosand"]
[Date "2015.05.16"]
[Round "7.1"]
[White "Jonsson, Oscar"]
[Black "Zarytovskaya, Margo"]
[Result "1/2-1/2"]
[WhiteElo "1230"]
[BlackElo "1663"]

1.d4 f5 2.c4 Nf6 3.Nc3 g6 4.e3 Bg7 5.Nf3 O-O 6.Be2 d6 7.O-O h6 8.b4 Nbd7 
9.Bb2 e5 10.d5 a6 11.a4 g5 12.g3 Qe8 13.Qc2 Nb8 14.b5 Ng4 15.h3 Nf6 16.Kh2
f4 17.exf4 exf4 18.Rfe1 fxg3+ 19.fxg3 Bxh3 20.Kxh3 g4+ 21.Kg2 gxf3+ 22.
Bxf3 Qf7 23.Rf1 Qd7 1/2-1/2

[Event "Harplinge Mini Open"]
[Site "Tylosand"]
[Date "2015.05.16"]
[Round "7.3"]
[White "Sadiku, Lorik"]
[Black "Sniegon, Adam"]
[Result "1-0"]
[WhiteElo "1549"]
[BlackElo "1585"]

1.e4 b6 2.d4 Bb7 3.Nc3 e6 4.f3 h6 5.Bc4 Bb4 6.Ne2 Bxc3+ 7.Nxc3 Qh4+ 8.g3 
Qd8 9.Be3 d5 10.Bd3 dxe4 11.Bxe4 Bxe4 12.fxe4 Nf6 13.Qf3 Nc6 14.O-O-O O-O 
15.Rhf1 Rc8 16.g4 Nh7 17.Kb1 Qe7 18.Qg3 a6 19.h4 b5 20.Rh1 b4 21.Na4 a5 
22.d5 exd5 23.exd5 Qd7 24.dxc6 Qxc6 25.Nc5 Rcd8 26.Rhg1 Nf6 27.g5 hxg5 28.
hxg5 Rxd1+ 29.Rxd1 Ne4 30.Nxe4 Qxe4 31.Qf4 Qc6 32.Qd4 g6 33.Qh4 f6 34.Rh1 
Kf7 35.Qh7+ Ke6 36.Re1 Rf7 37.Bf2+ Kf5 38.Qxf7 Kg4 39.Qe6+ Qxe6 1-0

[Event "Harplinge Mini Open"]
[Site "Tylosand"]
[Date "2015.05.16"]
[Round "7.4"]
[White "Nylander, Lennart"]
[Black "Pietarinen, Alexander"]
[Result "1/2-1/2"]
[WhiteElo "1536"]
[BlackElo "1473"]

1.e4 c5 2.Nf3 d6 3.d4 cxd4 4.Nxd4 Nf6 5.Nc3 a6 6.Bc4 e6 7.O-O b5 8.Bd3 Bb7
9.a3 Be7 10.b4 Qc7 11.Bb2 Nbd7 12.h3 O-O 13.Qd2 Ne5 14.Rae1 Nfd7 15.Kh1 
Nb6 16.Ndxb5 axb5 17.Nxb5 Qc6 18.Bxe5 dxe5 19.Qe2 Na4 20.c4 Nb6 21.f4 exf4
22.Rxf4 Bg5 23.Rg4 Bh6 24.e5 Nc8 25.Be4 Qd7 26.Rd1 Qe7 27.Bc2 Rd8 28.Rgd4 
Rxd4 29.Rxd4 Bc6 30.Qd3 g6 1/2-1/2

[Event "Harplinge Mini Open"]
[Site "Tylosand"]
[Date "2015.05.16"]
[Round "7.5"]
[White "Nilsson, Gert"]
[Black "Sixt, Joar"]
[Result "0-1"]
[WhiteElo "1543"]
[BlackElo "1466"]

1.d4 d5 2.e3 Nf6 3.f4 Bf5 4.Bd3 Be4 5.Nf3 e6 6.O-O Bd6 7.Nbd2 O-O 8.Qe2 
Bxd3 9.Qxd3 Nbd7 10.Ne5 c5 11.c3 c4 12.Qc2 b5 13.a3 Bxe5 14.fxe5 Ng4 15.
Nf3 f6 16.exf6 Ngxf6 17.Ng5 Qe7 18.e4 dxe4 19.Nxe4 Nxe4 20.Qxe4 Rxf1+ 21.
Kxf1 Rf8+ 22.Ke2 Qf7 23.Be3 Qh5+ 24.Kd2 Qxh2 25.Qxe6+ Kh8 26.Qc6 Nf6 27.
Rf1 h6 28.Bf4 Qh4 29.Qf3 Qg4 30.Bd6 Ne4+ 31.Qxe4 Qxe4 32.Rxf8+ Kh7 33.Rf2 
Qd3+ 34.Ke1 Qb1+ 35.Ke2 Qxb2+ 36.Ke3 Qxc3+ 37.Ke4 Qd3+ 38.Kd5 c3 39.Bb4 c2
40.Rf3 Qc4+ 41.Ke5 c1=Q 42.Rc3 Qe1+ 43.Kd6 Qee6# 0-1

[Event "Harplinge Mini Open"]
[Site "Tylosand"]
[Date "2015.05.16"]
[Round "7.6"]
[White "Jorgensen, Stein"]
[Black "Bech Johansson, Amadeus"]
[Result "1-0"]
[WhiteElo "1439"]
[BlackElo "1121"]

1.d4 d5 2.Nf3 e6 3.e3 Bb4+ 4.c3 Ba5 5.b4 Bb6 6.c4 dxc4 7.Bxc4 Nf6 8.a4 a6 
9.a5 Ba7 10.Qb3 Nc6 11.b5 axb5 12.Bxb5 Bd7 13.O-O O-O 14.Bb2 Re8 15.Nbd2 
h6 16.Rfc1 Rb8 17.Qa4 Re7 18.Ba3 Re8 19.a6 bxa6 20.Bxc6 Bxc6 21.Qxc6 Bb6 
22.Bc5 Bxc5 23.Qxc5 Ra8 24.Qxc7 Qxc7 25.Rxc7 Reb8 26.g3 a5 27.Rc4 Rb7 28.
Rca4 1-0

[Event "Deltalift Open"]
[Site "Tylosand"]
[Date "2015.05.16"]
[Round "7.1"]
[White "Hector, Jonny"]
[Black "Sjodahl, Pontus"]
[Result "0-1"]
[WhiteElo "2485"]
[BlackElo "2411"]

1.e4 e6 2.d4 d5 3.e5 c5 4.c3 Qb6 5.Nf3 Bd7 6.Bd3 cxd4 7.Nxd4 Nc6 8.Nxc6 
bxc6 9.O-O Ne7 10.Nd2 a5 11.Nf3 h6 12.c4 dxc4 13.Be4 Nd5 14.Qc2 Qb5 15.Nd2
Nb6 16.f4 Be7 17.a4 Qb4 18.Ra3 O-O 19.Bf3 c3 20.Rxc3 Nd5 21.Rd3 Bc8 22.Nc4
Qc5+ 23.Be3 Nxe3 24.Nxe3 Qxc2 25.Nxc2 Ba6 26.Rc3 Bxf1 27.Kxf1 Rab8 28.b3 
Rfd8 29.Bxc6 Rbc8 30.Ke2 g5 31.g3 Kg7 32.Rc4 Rc7 33.Bb5 Rxc4 34.Bxc4 Bc5 
35.Ne1 gxf4 36.gxf4 Bg1 37.Nf3 Bb6 38.f5 exf5 39.Nh4 f4 40.Nf5+ Kg6 41.
Ne7+ Kg7 42.Nf5+ Kg6 43.Ne7+ Kh7 44.Bxf7 Rd7 45.Bg8+ Kg7 46.Nd5 Bg1 47.Be6
Rb7 48.Bg4 Rxb3 49.e6 Bc5 50.h3 Bd6 51.Kd2 Kf8 52.Kc2 Ra3 53.Nb6 Bb4 54.
Nd7+ Ke7 55.Ne5 Kf6 56.Nd3 Bd6 57.Nb2 Ke7 58.Nc4 Rxa4 59.Nb6 Ra2+ 60.Kd3 
Kd8 61.Ke4 a4 62.Nc4 Be7 63.Ne5 Kc7 64.Ng6 Kd6 65.Ne5 a3 66.Nc4+ Kc7 67.
Kxf4 Rf2+ 68.Kg3 Rc2 0-1

[Event "Deltalift Open"]
[Site "Tylosand"]
[Date "2015.05.16"]
[Round "7.2"]
[White "Johansson, Linus"]
[Black "Berg, Emanuel"]
[Result "0-1"]
[WhiteElo "2389"]
[BlackElo "2553"]

1.e4 e6 2.d4 d5 3.Nd2 Nf6 4.e5 Nfd7 5.Bd3 c5 6.c3 Nc6 7.Ne2 cxd4 8.cxd4 f6
9.exf6 Nxf6 10.Nf3 Bd6 11.O-O Qc7 12.Bg5 O-O 13.Rc1 Ng4 14.Ng3 Bd7 15.Bd2 
g6 16.Bc3 Bf4 17.Rc2 Qd6 18.Re2 Rf7 19.Ree1 Raf8 20.Qb3 Rb8 21.a4 a6 22.a5
Rbf8 23.Qb6 Qb8 24.Qb3 Bc7 25.Qa2 Qd8 26.Be2 Nxa5 27.Bb4 Re8 28.h3 Nc6 29.
hxg4 Nxb4 30.Qb3 a5 31.Ne5 Bxe5 32.dxe5 Qb6 33.Rc1 Ref8 34.Bf3 Qd4 35.Qc3 
Qxc3 36.Rxc3 Bb5 37.Ra1 Nc6 38.Nf1 Bxf1 39.Kxf1 Nxe5 40.Rxa5 d4 41.Rxe5 
dxc3 42.bxc3 Rc8 43.Rxe6 Rxc3 44.Rb6 Rc1+ 45.Ke2 Re7+ 46.Kd3 Rd7+ 47.Ke3 
Rc3+ 48.Kf4 Kg7 49.Bxb7 Rf7+ 50.Ke5 Rxf2 51.Bf3 Rc4 52.g5 Rfc2 53.Bd5 Re2+
54.Kd6 Rc8 55.Rb7+ Kh8 56.Rb5 Rd8+ 57.Kc7 Rde8 58.Kd6 R2e5 59.Bc6 R8e6+ 
60.Kd7 Rxb5 61.Bxb5 Re5 0-1

[Event "Deltalift Open"]
[Site "Tylosand"]
[Date "2015.05.16"]
[Round "7.3"]
[White "Brynell, Stellan"]
[Black "Hillarp Persson, Tiger"]
[Result "0-1"]
[WhiteElo "2433"]
[BlackElo "2548"]

1.e4 c5 2.Nf3 d6 3.Bb5+ Nd7 4.d4 cxd4 5.Qxd4 a6 6.Bxd7+ Bxd7 7.c4 e5 8.Qd3
b5 9.Nc3 Qb8 10.O-O Nf6 11.Bg5 bxc4 12.Qxc4 Be6 13.Qc6+ Bd7 14.Qc4 Be6 15.
Qa4+ Nd7 16.Rfd1 f6 17.Be3 Qb7 18.Nd5 Rc8 19.Rac1 Rxc1 20.Rxc1 Bxd5 21.
exd5 Be7 22.Qc6 Qxc6 23.Rxc6 Kf7 24.Rxa6 Rb8 25.Ra7 Rxb2 26.g3 Nb6 27.Rb7 
Nc4 28.Rxb2 Nxb2 29.Kf1 Na4 30.Ke2 Nc3+ 31.Kd3 Nxd5 32.a4 Nxe3 33.fxe3 d5 
34.Nd2 Bc5 35.e4 Ke6 36.g4 g6 37.exd5+ Kxd5 38.Ne4 f5 39.gxf5 gxf5 40.Nc3+
Kc6 41.h3 Bb4 42.Nd1 Kd5 43.Ne3+ Ke6 44.Kc4 Bd2 45.Nc2 h5 46.Kd3 Ba5 47.
Ne3 e4+ 48.Ke2 f4 49.Nc4 Bb4 50.a5 Bc5 51.a6 f3+ 52.Kd2 Kf5 53.Nd6+ Kf4 
0-1

[Event "Deltalift Open"]
[Site "Tylosand"]
[Date "2015.05.16"]
[Round "7.4"]
[White "Lindgren, Philip"]
[Black "Blomqvist, Erik"]
[Result "1-0"]
[WhiteElo "2346"]
[BlackElo "2513"]

1.d4 d5 2.c4 c6 3.Nf3 Nf6 4.Nc3 dxc4 5.a4 Bf5 6.e3 e6 7.Bxc4 Bb4 8.O-O 
Nbd7 9.Qe2 O-O 10.e4 Bg4 11.Rd1 Qa5 12.h3 Bh5 13.e5 Nd5 14.Nxd5 cxd5 15.
Bd3 h6 16.g4 Bg6 17.g5 Bxd3 18.Rxd3 hxg5 19.Nxg5 Qa6 20.Qc2 g6 21.Rg3 Rac8
22.Qd1 Qc6 23.Qg4 Rfe8 24.Nxf7 Nf8 25.Nh6+ Kg7 26.Qf4 Rc7 27.Qf6+ Kh7 28.
Nf7 Kg8 29.Rf3 1-0

[Event "Deltalift Open"]
[Site "Tylosand"]
[Date "2015.05.16"]
[Round "7.5"]
[White "Rosberg, Simon"]
[Black "Semcesen, Daniel"]
[Result "1-0"]
[WhiteElo "2262"]
[BlackElo "2475"]

1.Nf3 f5 2.b4 Nf6 3.Bb2 e6 4.b5 g6 5.g3 Bg7 6.Bg2 O-O 7.O-O d6 8.d4 Nbd7 
9.Nbd2 Qe7 10.Nc4 h6 11.Qd3 Re8 12.a4 Ne4 13.a5 Rb8 14.Ba3 Qd8 15.Rab1 b6 
16.a6 Ndf6 17.Ne3 Bd7 18.c4 Kh7 19.Nc2 Rf8 20.Nb4 Qe8 21.Nd2 e5 22.dxe5 
Qxe5 23.Nf3 Qe8 24.Nd4 Rc8 25.Nbc6 Ra8 26.Qc2 Ng4 27.Rb3 Ngf6 28.Re3 h5 
29.Bc1 Bh6 30.Ra3 Bg7 31.f3 Nc5 32.Re3 Qf7 33.Re7 Qg8 34.e4 fxe4 35.fxe4 
Ng4 36.Nf3 Kh8 37.Bb2 Rf6 38.h3 Bxc6 39.hxg4 Bxe4 40.Rxe4 Nxe4 41.Qxe4 Re8
42.Qc2 Rff8 43.Nh4 Rxf1+ 44.Bxf1 Qe6 45.Nxg6+ Kg8 46.Bxg7 Kxg7 47.gxh5 Qg4
48.Qc3+ Kh6 49.Nf4 Re5 50.Be2 Qg5 51.Kf2 Re8 52.Qd3 Qc5+ 53.Kg2 Rg8 54.Qd5
1-0

[Event "Deltalift Open"]
[Site "Tylosand"]
[Date "2015.05.16"]
[Round "7.6"]
[White "Rydstrom, Tom"]
[Black "Smith, Axel"]
[Result "0-1"]
[WhiteElo "2291"]
[BlackElo "2454"]

1.e4 d6 2.Nc3 Nf6 3.d4 g6 4.Bg5 c6 5.Qd2 h6 6.Bh4 b5 7.Bd3 g5 8.Bg3 Nh5 9.
Nge2 Bg7 10.f3 Nxg3 11.hxg3 Qb6 12.g4 Bxd4 13.Nxd4 Qxd4 14.O-O-O Nd7 15.
Rh5 Qg7 16.Rdh1 Nc5 17.g3 Be6 18.Kb1 b4 19.Nd1 a5 20.Qh2 Kd7 21.Rxh6 Rxh6 
22.Qxh6 Qd4 23.Be2 Qd2 24.Qh2 Bxa2+ 25.Kxa2 Qxc2 26.f4 a4 27.Bf3 Qb3+ 0-1

[Event "Deltalift Open"]
[Site "Tylosand"]
[Date "2015.05.16"]
[Round "7.7"]
[White "Fries-Nielsen, Jens Ove"]
[Black "Dragicevic, Drazen"]
[Result "1-0"]
[WhiteElo "2459"]
[BlackElo "2304"]

1.e3 Nf6 2.g4 d5 3.g5 Ne4 4.h4 h6 5.d3 Nd6 6.gxh6 gxh6 7.Nc3 c6 8.Bd2 Bg7 
9.Nf3 Bf5 10.Qe2 Bh7 11.Rg1 Rg8 12.e4 dxe4 13.dxe4 e6 14.O-O-O Qe7 15.Rxg7
Rxg7 16.Bxh6 Rg4 17.Bh3 Rxe4 18.Nxe4 Nxe4 19.Rd4 Qf6 20.Bg5 Nxg5 21.hxg5 
Qe7 22.Rh4 Bg6 23.Rh8+ Kd7 24.Qe5 Qb4 25.Bxe6+ fxe6 26.Qg7+ Qe7 27.Ne5+ 
Kd6 28.Qxe7+ Kxe7 29.Nxg6+ Kd6 30.f4 b5 31.Ne5 1-0

[Event "Deltalift Open"]
[Site "Tylosand"]
[Date "2015.05.16"]
[Round "7.8"]
[White "Westerberg, Jonathan"]
[Black "Haugli, Petter"]
[Result "1/2-1/2"]
[WhiteElo "2447"]
[BlackElo "2256"]

1.e4 e6 2.d3 c5 3.g3 Nc6 4.Bg2 Nf6 5.f4 d6 6.Nf3 Be7 7.O-O O-O 8.h3 Rb8 9.
Nc3 b5 10.g4 Re8 11.Ne2 c4 12.Be3 Bb7 13.Ng3 cxd3 14.cxd3 Rc8 15.Rf2 d5 
16.e5 d4 17.Nxd4 Nd5 18.Nxc6 Bxc6 19.Bxa7 Qa5 20.Bd4 Bh4 21.Kh2 Qb4 22.Bc3
Qc5 23.Ne4 Nxc3 24.Nxc5 Nxd1 25.Rd2 Bxg2 26.Kxg2 Rxc5 27.Raxd1 Rec8 28.d4 
Rc2 29.Kf3 Kf8 30.g5 Ke7 31.d5 exd5 32.Rxd5 Rxb2 33.Rd7+ Ke8 34.Rb7 Bf2 
35.Rdd7 Bc5 36.Rxf7 Bf8 37.e6 Rc3+ 38.Kg4 Rc8 39.Rfd7 Re2 40.f5 Re4+ 41.
Kf3 Re1 42.Rxb5 g6 43.Rxh7 gxf5 44.g6 Rxe6 45.g7 Bxg7 46.Rxg7 Kf8 47.Ra7 
Rf6 48.Kf4 Kg8 49.a4 Rh6 50.Rb3 Rf8 51.Kg5 Rc6 52.Rbb7 Rd8 53.Rb4 Rf8 54.
Ra5 Rc3 55.Rxf5 Rxh3 56.Ra5 Rg3+ 57.Rg4 Rxg4+ 58.Kxg4 Rf1 59.Ra8+ Kf7 60.
a5 Kg7 61.a6 Rf6 62.Kg5 Rg6+ 63.Kf5 Rf6+ 64.Ke5 Rb6 65.Kd5 Rf6 66.Kd4 Rd6+
67.Ke5 Rb6 68.Ra7+ Kg6 69.Kd5 Rf6 70.Kd4 Rd6+ 71.Ke4 Re6+ 72.Kd5 Rf6 73.
Ra8 Kg7 74.Ke5 Rb6 75.Kd5 Rf6 76.Ra7+ Kg6 77.Kc5 Rf5+ 78.Kb6 Rf6+ 79.Kb7 
Rf7+ 80.Ka8 Rf8+ 81.Kb7 Rf7+ 82.Kb6 Rf6+ 83.Kb5 Rf5+ 84.Kb4 Rf4+ 85.Kb3 
Rf3+ 86.Kc2 Rf2+ 87.Kd3 Rf3+ 88.Ke4 Rf6 89.Ke5 Rb6 90.Kf4 Rf6+ 91.Kg4 Rb6 
92.Ra8 Kg7 93.Kg5 Rb5+ 94.Kf4 Rb4+ 95.Kf5 Rb6 96.Ra7+ Kh6 97.Ra8 Kg7 98.
Ke5 Rc6 99.Ke4 Rd6 100.Ra7+ Kg6 101.Ke5 Rb6 102.Kd4 Rf6 103.Ke4 Re6+ 104.
Kd3 Rd6+ 105.Kc4 Rf6 106.Ra8 Kg7 107.Kb5 Rf5+ 108.Kc6 Rf6+ 109.Kd7 Rf7+ 
110.Ke6 Rf6+ 111.Ke5 Rb6 112.a7 Ra6 113.Kd4 Ra4+ 114.Kc5 Ra1 115.Kd6 Rd1+ 
116.Ke6 Re1+ 117.Kd6 Rd1+ 118.Kc6 Rc1+ 119.Kb5 Rb1+ 120.Kc5 Rc1+ 121.Kb4 
Rb1+ 122.Kc3 Ra1 123.Kb2 Ra5 124.Rc8 Rxa7 125.Rc3 Ra4 1/2-1/2

[Event "Deltalift Open"]
[Site "Tylosand"]
[Date "2015.05.16"]
[Round "7.9"]
[White "Lind, Jan-Olov"]
[Black "Akesson, Ralf"]
[Result "0-1"]
[WhiteElo "2245"]
[BlackElo "2436"]

1.e4 c5 2.Nf3 Nc6 3.d3 g6 4.g3 Bg7 5.Bg2 e5 6.O-O Nge7 7.c3 O-O 8.a3 d6 9.
b4 h6 10.Nbd2 f5 11.Nb3 a5 12.b5 Nb8 13.a4 Nd7 14.Bb2 Nb6 15.Nfd2 f4 16.
Qe2 Be6 17.c4 Nd7 18.Nc1 g5 19.Na2 Ng6 20.Nc3 g4 21.f3 h5 22.Nd5 Bh6 23.
Bc3 b6 24.Nb3 Ra7 25.Ra2 Nf6 26.Qe1 Nh7 27.Nxb6 Qxb6 28.Bxa5 Qb8 29.Bc3 
Ng5 30.Nd2 Raf7 31.Rf2 fxg3 32.hxg3 gxf3 33.Bf1 h4 34.gxh4 Nxh4 35.Nb3 Rg7
36.Kh1 Nh3 37.Bxh3 Bxh3 38.Bd2 Bg2+ 39.Kg1 Qc8 40.Bxh6 Qh3 41.Rfb2 f2+ 0-1

[Event "Deltalift Open"]
[Site "Tylosand"]
[Date "2015.05.16"]
[Round "7.10"]
[White "Holst, Conny"]
[Black "Jepson, Christian"]
[Result "0-1"]
[WhiteElo "2183"]
[BlackElo "2417"]

1.d4 c5 2.d5 d6 3.e4 g6 4.f4 Bg7 5.Nf3 Nf6 6.Nc3 O-O 7.a4 e6 8.dxe6 Bxe6 
9.Be2 Nc6 10.O-O d5 11.exd5 Nxd5 12.Nxd5 Qxd5 13.Qxd5 Bxd5 14.f5 Rfe8 15.
Bb5 a6 16.Bxc6 Bxc6 17.fxg6 hxg6 18.c3 a5 19.Kf2 Re4 20.Be3 b6 21.Rfd1 
Rae8 22.Re1 Rxa4 23.Rad1 Ra2 24.Re2 Bb5 25.Red2 a4 26.Bf4 Bc6 27.Kg3 Bf6 
28.Rd6 Bxf3 29.gxf3 Re6 30.Rxe6 fxe6 31.Rd2 Kf7 32.h4 e5 33.Be3 Ke6 34.c4 
e4 35.Bf4 Bd4 36.Re2 e3 37.Bxe3 Rxb2 38.Bd2+ Kf7 39.h5 gxh5 40.Rh2 a3 0-1

[Event "Deltalift Open"]
[Site "Tylosand"]
[Date "2015.05.16"]
[Round "7.11"]
[White "Bellon Lopez, Juan Manuel"]
[Black "Eriksson, Kristian"]
[Result "1-0"]
[WhiteElo "2364"]
[BlackElo "2177"]

1.d4 e6 2.Nf3 b6 3.e3 Bb7 4.Bd3 f5 5.O-O Nf6 6.c4 Be7 7.b3 O-O 8.Ba3 Bxa3 
9.Nxa3 Qe7 10.Nb5 d6 11.Rc1 a6 12.Nc3 Nbd7 13.Bb1 g6 14.Qe2 Ne4 15.Nxe4 
Bxe4 16.Bxe4 fxe4 17.Nd2 Nf6 18.b4 a5 19.b5 Rac8 20.c5 Qd7 21.a4 d5 22.f3 
exf3 23.Rxf3 Qg7 24.h3 Nd7 25.cxb6 cxb6 26.Rxf8+ Qxf8 27.Rc6 Rxc6 28.bxc6 
Nf6 29.Qa6 Qd8 30.Qb7 Ne8 31.Qd7 Qb8 32.Nf3 1-0

[Event "Deltalift Open"]
[Site "Tylosand"]
[Date "2015.05.16"]
[Round "7.12"]
[White "Djurhuus, Eivind X"]
[Black "Sagit, Rauan"]
[Result "0-1"]
[WhiteElo "2142"]
[BlackElo "2360"]

1.d4 f5 2.Nf3 Nf6 3.g3 g6 4.Bg2 Bg7 5.O-O O-O 6.b3 Ne4 7.Bb2 c5 8.Qc1 cxd4
9.Bxd4 Bxd4 10.Nxd4 Qb6 11.e3 Nc6 12.Qb2 Nxd4 13.exd4 d5 14.f4 Be6 15.a4 
a5 16.Rd1 Rac8 17.Bf1 g5 18.Qc1 gxf4 19.gxf4 Rf6 20.Rd3 Rg6+ 21.Bg2 Kh8 
22.Ra2 Qa6 23.Qd1 Qd6 24.Qf1 Rg4 25.Rf3 Qb6 26.Qd1 Bf7 27.h3 Rxg2+ 28.Kxg2
Bh5 29.Qe1 Rg8+ 0-1

[Event "Deltalift Open"]
[Site "Tylosand"]
[Date "2015.05.16"]
[Round "7.13"]
[White "Madebrink, Lars"]
[Black "Wallin, Dennis"]
[Result "1/2-1/2"]
[WhiteElo "2236"]
[BlackElo "2142"]

1.d4 e6 2.c4 Bb4+ 3.Nd2 Nf6 4.Nf3 b6 5.e3 Bb7 6.Bd3 Ne4 7.O-O f5 8.Qc2 
Nxd2 9.Nxd2 Qf6 10.e4 Nc6 11.Nf3 Nxd4 12.Nxd4 Qxd4 13.Be3 Qf6 14.exf5 e5 
15.Be4 Bxe4 16.Qxe4 O-O 17.Qd5+ Qf7 18.Qxe5 Bd6 1/2-1/2

[Event "Deltalift Open"]
[Site "Tylosand"]
[Date "2015.05.16"]
[Round "7.14"]
[White "Wahlstrom, Lennart"]
[Black "Fries-Nielsen, Niels Jorgen"]
[Result "1/2-1/2"]
[WhiteElo "2136"]
[BlackElo "2343"]

1.e4 a6 2.d4 d6 3.Nf3 Nf6 4.Bd3 Nc6 5.c3 e5 6.h3 h6 7.Nbd2 g6 8.O-O Bg7 9.
Nc4 exd4 10.cxd4 O-O 11.d5 Nb8 12.Be3 b5 13.Ncd2 c5 14.a4 bxa4 15.Nc4 Ne8 
16.e5 Bd7 17.exd6 Bb5 18.Bxc5 Nd7 19.Ba3 Rc8 20.Rc1 Nef6 21.Nce5 Qb6 22.
Nc6 Kh7 23.Nfe5 Rfe8 1/2-1/2

[Event "Deltalift Open"]
[Site "Tylosand"]
[Date "2015.05.16"]
[Round "7.15"]
[White "Gillefalk, Bjorn"]
[Black "Lindh, Fredrik"]
[Result "0-1"]
[WhiteElo "2128"]
[BlackElo "2235"]

1.d4 Nf6 2.c4 g6 3.Nf3 Bg7 4.g3 d5 5.cxd5 Nxd5 6.Bg2 Nb6 7.O-O Nc6 8.Nc3 
Nxd4 9.Nxd4 Qxd4 10.Nb5 Qc4 11.Qb3 O-O 12.Qxc4 Nxc4 13.Nxc7 Rb8 14.Bg5 
Bxb2 15.Rad1 Be5 16.Nd5 e6 17.Nf6+ Kg7 18.Ng4 Re8 19.Bh6+ Kg8 20.Rc1 b5 
21.Rxc4 bxc4 22.Nxe5 f6 23.Nxc4 Ba6 24.Na5 Bxe2 25.Re1 Rb2 26.Bc6 Rd8 27.
a4 Rd1 28.Rxd1 Bxd1 29.Be3 a6 30.Nb7 Bxa4 31.Bxa4 Rxb7 32.Kf1 Rb4 33.Bd7 
Kf7 34.Ke2 a5 35.Kd3 Ke7 36.Bc6 Kd6 37.Be8 Kd5 38.Kc3 Rc4+ 39.Kb3 Rc8 40.
Bb5 g5 41.Ka4 h5 42.Kxa5 h4 43.gxh4 gxh4 44.h3 e5 45.Bd7 Rc7 46.Bf5 e4 47.
Kb6 Rc2 48.Kb7 Ke5 49.Bd7 f5 50.Bb6 f4 51.Bc7+ Kd5 52.Bxf4 Rxf2 53.Bc6+ 
Kd4 54.Bg5 Rf7+ 55.Kb6 Rh7 56.Bf6+ Kd3 57.Bb5+ Kd2 58.Kc5 Rh5+ 59.Kd4 Rxb5
60.Kxe4 Ke2 61.Kf4 Rb4+ 62.Kg5 Kf3 0-1

[Event "Deltalift Open"]
[Site "Tylosand"]
[Date "2015.05.16"]
[Round "7.16"]
[White "Angskog, Kent"]
[Black "Svenn, Matti"]
[Result "1/2-1/2"]
[WhiteElo "2228"]
[BlackElo "2157"]

1.Nf3 Nf6 2.c4 g6 3.Nc3 d5 4.cxd5 Nxd5 5.Qb3 Nf6 6.d4 Bg7 7.e4 O-O 8.Be2 
b6 9.O-O Bb7 10.d5 c6 11.dxc6 Nxc6 12.Rd1 Qc7 13.Bg5 Ne5 14.Bxf6 Nxf3+ 15.
Bxf3 Bxf6 16.Nd5 Bxd5 17.Rxd5 e6 18.Rd2 Rad8 19.Rc2 Qd6 20.g3 Bd4 21.Rd1 
e5 22.Kg2 Rc8 23.Rdc1 Rc5 24.Rxc5 Bxc5 25.Qd5 Qf6 26.Rd1 Bd4 27.Rd2 Qe7 
28.Qc4 Kg7 29.Rc2 Rd8 30.b4 a6 31.a3 a5 32.Bg4 axb4 33.axb4 Ra8 34.Qb3 Qf6
35.Ra2 Rxa2 36.Qxa2 1/2-1/2